Statistics for Pop Stars of the 60s - no Q or X

Click here to take the quiz!

General Stats

  • This quiz has been taken 21 times
  • The average score is 13 of 24

Answer Stats

Answer% Correct
Beatles
100%
Rolling Stones
89%
Roy Orbison
89%
Janis Joplin
84%
Jimi Hendrix
84%
Everly Brothers
79%
Four Tops
74%
Kinks
74%
Led Zeppelin
74%
Animals
63%
Dusty Springfield
63%
Ike and Tina Turner
63%
Petula Clark
63%
Dave Clark Five
53%
Yardbirds
53%
Lulu
47%
Gerry and the Pacemakers
42%
Manfred Mann
32%
Gene Pitney
16%
The Walker brothers
16%
Frankie Vaughan
11%
Frank Ifield
5%
Nashville Teens
5%
Unit 4+2
5%

Score Distribution

Percentile by Number Answered

Percent of People with Each Score

Your Score History

You have not taken this quiz